Brasileiro: cidadao /
Збережено в:
| Автор: | |
|---|---|
| Співавтори: | , |
| Формат: | Матеріали конференцій |
| Мова: | Portuguese |
| Опубліковано: |
Brasil:
Cultura,
1997
|
| Редагування: | 5. edición |
| Предмети: | |
| Теги: |
Додати тег
Немає тегів, Будьте першим, хто поставить тег для цього запису!
|
MARC
| LEADER | 000000000a22000000004500 | ||
|---|---|---|---|
| 001 | 000996 | ||
| 008 | 170621s1997 bl ||||| |||| 00| 0 por d | ||
| 020 | |a 8529300122 | ||
| 041 | 0 | |a español | |
| 082 | |a 323.042 |b B823b5 | ||
| 100 | 1 | |a Matta, Roberto da | |
| 110 | 2 | |a Associacao Cultural Avelino A. Vieira | |
| 111 | 2 | |a Ciclo de Debates Brasileiro: |c Cidadao |d 1991 : |c Curitiba, Brazil | |
| 245 | 1 | 0 | |a Brasileiro: cidadao / |c Roberto da Matta |
| 250 | |a 5. edición | ||
| 260 | |a Brasil: |b Cultura, |c 1997 | ||
| 300 | |a 268 páginas | ||
| 500 | |a Número de inscripción 7664 (George Yúdice) | ||
| 650 | 4 | |a PARTICIPACION POLITICA | |
| 650 | 4 | |a BRASIL |x POLÍTICA Y GOBIERNO | |
| 942 | |2 ddc |c BK | ||
| 999 | |c 2123 |d 2123 | ||



